Normal view
MARC view
- الحسناوي، صالح مهدي محمد، اكرم محسن الياسري
Entry Personal Name
001 - CONTROL NUMBER
- control field: 57967
003 - CONTROL NUMBER IDENTIFIER
- control field: JO-AjAnu
005 - DATE AND TIME OF LATEST TRANSACTION
- control field: 20230606083505.0
008 - FIXED-LENGTH DATA ELEMENTS
- fixed length control field: 230606|| aca||aabn | a|a d
040 ## - CATALOGING SOURCE
- Original cataloging agency: JO-AjAnu
- Transcribing agency: JO-AjAnu
100 ## - HEADING--PERSONAL NAME
- Personal name: الحسناوي، صالح مهدي محمد، اكرم محسن الياسري
670 ## - SOURCE DATA FOUND
- Source citation: Work cat.: (JO-AjAnu)29575: الحسناوي، صالح مهدي محمد، اكرم محسن الياسري , author, مفاهيم معاصرة في الادارة الاستراتيجية وتظرية المنظمة: ( المعرفة الالكترونية، المنظمات الريادية)، ج3